Escuela y lengua escrita: competencias comunicativas que se actualizan en el aula de clase
Saved in:
| Main Author: | |
|---|---|
| Format: | Book |
| Language: | Spanish |
| Published: |
Bogotá
Magisterio
1996
|
| Edition: | 1a. ed |
| Series: | Colección Mesa Redonda, 45
|
| Subjects: | |
| Tags: |
Add Tag
No Tags, Be the first to tag this record!
|
MARC
| LEADER | 00000nam a2200000 a 4500 | ||
|---|---|---|---|
| 001 | UCI1180 | ||
| 003 | CL-VaPUC | ||
| 008 | 070622e19960000CK |||||||||||||||||spa|d | ||
| 020 | |a 9582002603 | ||
| 082 | 0 | 4 | |a 372.4 |b VIL |2 21 |
| 100 | 0 | |a Villegas Robles, Olga del Carmen |e author |9 521506 | |
| 245 | 1 | 0 | |a Escuela y lengua escrita: competencias comunicativas que se actualizan en el aula de clase |
| 250 | |a 1a. ed | ||
| 300 | |a 125 p | ||
| 942 | |c BK | ||
| 945 | |d 20070622 00:00:00 |a jtorresc | ||
| 260 | |a Bogotá |b Magisterio |c 1996 | ||
| 650 | 0 | |a Lectura |9 307634 | |
| 650 | 7 | |a LENGUA ESCRITA |2 CL-VaPUC |9 421331 | |
| 650 | 0 | |a Alfabetización |9 310435 | |
| 650 | 0 | |a Educación básica |9 224933 | |
| 583 | |a last modification |c 20170726 05:17:30 |k Rodrigo Vera | ||
| 490 | 0 | |a Colección Mesa Redonda, 45 | |
| 999 | |c 326021 |d 326019 | ||
| 952 | |0 0 |1 0 |4 0 |6 372_400000000000000_VIL_1996 |7 0 |8 A |9 407633 |a BIBEDU |b BIBEDU |c ES_NOD |d 2019-11-22 |i 4346726 |o 372.4 VIL 1996 |p 4346726 |r 2023-08-09 |w 2019-11-22 |y BK |k EBA | ||
| 952 | |0 0 |1 0 |4 0 |6 372_400000000000000_VIL_1996 |7 0 |8 A |9 407634 |a BIBEDU |b BIBEDU |c ES_NOD |d 2019-11-22 |i 4378792 |o 372.4 VIL 1996 |p 4378792 |r 2023-08-09 |w 2019-11-22 |y BK |k EPE | ||